Kavya sushma (Record no. 9980)

MARC details
000 -LEADER
fixed length control field 00459cam a2200181ua 4500
001 - CONTROL NUMBER
control field 11127
005 - DATE AND TIME OF LATEST TRANSACTION
control field 20260515114716.0
008 - FIXED-LENGTH DATA ELEMENTS--GENERAL INFORMATION
fixed length control field 190827n ii |||gr||||Z||||||eng
040 ## - CATALOGING SOURCE
Transcribing agency MAIN
041 ## - LANGUAGE CODE
Language code of text/sound track or separate title eng
082 ## - DEWEY DECIMAL CLASSIFICATION NUMBER
Classification number 891.431
100 ## - MAIN ENTRY--PERSONAL NAME
Personal name Satyakam Vidyalakar,
Relator term Editor.
245 ## - TITLE STATEMENT
Title Kavya sushma
Statement of responsibility, etc. Ed by Satyakam Vidyalakar
260 ## - PUBLICATION, DISTRIBUTION, ETC.
Place of publication, distribution, etc. Delhi:
Name of publisher, distributor, etc. Naya sahitya,
Date of publication, distribution, etc. 2001.
300 ## - PHYSICAL DESCRIPTION
Extent 63p.
653 ## - INDEX TERM--UNCONTROLLED
Uncontrolled term East Indo-European & Celtic literatures
942 ## - ADDED ENTRY ELEMENTS (KOHA)
Koha item type Books
Holdings
Withdrawn status Lost status Damaged status Not for loan Home library Current library Shelving location Date acquired Total checkouts Full call number Barcode Date last seen Date last checked out Copy number Price effective from Koha item type
        Naharkatiya College Library Naharkatiya College Library General stacks 09/19/2020 3 891.431Hindi poetry | KAV 18787 03/18/2024 02/29/2024 1 09/19/2020 Books